| 000 | 00508nam a22001937a 4500 | ||
|---|---|---|---|
| 003 | MPLRDC | ||
| 005 | 20220104142712.0 | ||
| 008 | 210129b ||||| |||| 00| 0 eng d | ||
| 020 | _a957-8412-06-1 | ||
| 082 | _a177.2 BEER* | ||
| 100 | _aMICHAEL BEER著; 陈淑惠译 | ||
| 245 |
_a你想嬴吗? : 14个让你成功的习性 _c |
||
| 250 | _a一版一刷 | ||
| 260 |
_a _b新苗文化事业有限公司 _c1997 |
||
| 300 | _b平 | ||
| 490 | _a励志文库;13 | ||
| 650 | _a | ||
| 942 |
_cBK _o177.2 BEER* |
||
| 999 |
_c33015 _d33005 |
||